Bharat kesri Dr. Syama Prasad Mookerjee with modern implications / (Record no. 129698)

MARC details
000 -LEADER
fixed length control field 00734nam a22002297a 4500
005 - DATE AND TIME OF LATEST TRANSACTION
control field 20170124110101.0
010 ## - LIBRARY OF CONGRESS CONTROL NUMBER
LC control number B-019808
020 ## - INTERNATIONAL STANDARD BOOK NUMBER
Terms of availability 400.00
International Standard Book Number 8170173876
035 ## - SYSTEM CONTROL NUMBER
System control number B-019808
037 ## - SOURCE OF ACQUISITION
Source of stock number/acquisition Cen Lib/Ret
040 ## - CATALOGING SOURCE
Original cataloging agency DPL
Language of cataloging EN
082 ## - DEWEY DECIMAL CLASSIFICATION NUMBER
Classification number 921
Item number DAS
100 ## - MAIN ENTRY--PERSONAL NAME
Personal name Das, S. C
9 (RLIN) 105515
245 ## - TITLE STATEMENT
Title Bharat kesri Dr. Syama Prasad Mookerjee with modern implications /
Statement of responsibility, etc by S. C. Das
260 ## - PUBLICATION, DISTRIBUTION, ETC. (IMPRINT)
Place of publication, distribution, etc New Delhi
Name of publisher, distributor, etc Abhinav Publications
Date of publication, distribution, etc 2000
270 ## - ADDRESS
Address E-37, Hauz Khas
City New Delhi
Postal code 110016
300 ## - PHYSICAL DESCRIPTION
Extent 280p.
Dimensions 22cm(Hb)
500 ## - GENERAL NOTE
General note Includes index
650 ## - SUBJECT ADDED ENTRY--TOPICAL TERM
Topical term or geographic name as entry element Mukhopādhyāẏa, Śyāmāprasāda, -- 1901-1953
9 (RLIN) 105516
650 ## - SUBJECT ADDED ENTRY--TOPICAL TERM
Topical term or geographic name as entry element Politicians -- India -- Biography
9 (RLIN) 26655
942 ## - ADDED ENTRY ELEMENTS (KOHA)
Source of classification or shelving scheme Dewey Decimal Classification
Koha item type English Books
Classification part 921
Call number suffix DAS
Holdings
Withdrawn status Lost status Damaged status Not for loan Home library Current library Date acquired Source of acquisition Cost, normal purchase price Total Checkouts Full call number Barcode Date last seen Copy number Cost, replacement price Price effective from Koha item type Collection code Source of classification or shelving scheme Public note
        Central Library Central Library 07/07/2015 Cen Lib/Ret 400.00   921 DAS B-019808 07/07/2015 1 0.00 15/09/2016 English Books      
      Not For Loan Central Library Central Library 28/07/2015 Cen Lib/Ret 400.00   921 DAS B-019809 28/07/2015 2 400.00 15/09/2016 English Books Reference    
        Sarojini Nagar Sarojini Nagar 22/05/2019       921 DAS B-019811 22/05/2019     22/05/2019 English Books Non-fiction Dewey Decimal Classification Withdran List Prepared L.No.20/12

© Delhi Public Library
Hit Counter
free hit counter